A seleção : (Record no. 512)

MARC details
000 -LÍDER
campo de controle de tamanho fixo 01262nam a22002894a 4500
001 - NÚMERO DE CONTROLE
campo de controle 512
003 - IDENTIFICADOR DO NÚMERO DE CONTROLE
campo de controle BR-RjBN
005 - DATA E HORÁRIO DA ÚLTIMA TRANSAÇÃO
campo de controle 20260520084337.0
008 - CAMPO DE DADOS FIXOS--INFORMAÇÃO GERAL
campo de controle de tamanho fixo 120101s2012 sp 000 f por d
020 ## - ISBN - INTERNATIONAL STANDARD BOOK NUMBER
ISBN - International Standard Book Number 9788565765015
040 ## - FONTE DA CATALOGAÇÃO
Idioma da catalogação por
041 1# - CÓDIGO DE IDIOMA
Código do idioma do texto/trilha sonora ou título diferente por
Código do idioma do original e/ou traduções intermediárias do texto eng
082 ## - CDD - CLASSIFICAÇÃO DECIMAL DE DEWEY
Número de Classificação 028.5
Número do exemplar C344s
100 1# - ENTRADA PRINCIPAL--NOME PESSOAL
Nome pessoal Cass, Kiera.
240 10 - TÍTULO UNIFORME
Título uniforme The Selection.
245 12 - TÍTULO
Título A seleção :
Restante do título trinta e cinco garotas e uma coroa /
Indicação de responsabilidade, etc. Kiera Cass.
260 ## - PUBLICAÇÃO, DISTRIBUIÇÃO, ETC.
Local de publicação, distribuição, etc. São Paulo :
Nome do editor, distribuidor, etc. Seguinte,
Data da publicação, distribuição, etc. 2012.
300 ## - DESCRIÇÃO FÍSICA
Extensão 363 p. ;
520 ## - NOTA DE RESUMO, ETC.
Resumo, etc. America Singer vive em uma sociedade dividida por castas e leva uma vida simples ao lado da família. Apesar de estar apaixonada secretamente por Aspen, sua rotina muda completamente quando ela é escolhida para participar da Seleção, competição em que o príncipe Maxon deverá escolher sua futura esposa entre trinta e cinco garotas. Em meio ao luxo do palácio, disputas, sentimentos conflitantes e descobertas pessoais, America passa a questionar seus sonhos, seu futuro e o verdadeiro significado do amor.
650 #0 - ASSUNTO--TERMO TÓPICO
Cabeçalho tópico ou nome geográfico Literatura norte-americana.
650 #0 - ASSUNTO--TERMO TÓPICO
Cabeçalho tópico ou nome geográfico Distopia.
650 #0 - ASSUNTO--TERMO TÓPICO
Cabeçalho tópico ou nome geográfico Relacionamentos amorosos.
9 (RLIN) 1098
650 #0 - ASSUNTO--TERMO TÓPICO
Cabeçalho tópico ou nome geográfico Sociedade fictícia.
655 #0 - TERMO DE ÍNDICE--GÊNERO E FORMA
Gênero/forma/ou termo foco Romance juvenil.
655 #0 - TERMO DE ÍNDICE--GÊNERO E FORMA
Gênero/forma/ou termo foco Ficção.
942 ## - ELEMENTOS DE ENTRADA ADICIONADOS (KOHA)
Fonte de classificação ou esquema de arquivamento Classificação decimal de Dewey
Ocultar no OPAC Não
Tipo de material Koha Livros
Holdings
Situação do descarte Situação das perdas Fonte de classificação ou esquema de arquivamento Status danificado Não pode ser emprestado Coleção Biblioteca de origem Biblioteca atual Localização na estante Data de aquisição Fonte de aquisição Total de empréstimos Número de chamada completo Código de barras Data de último acesso Data do preço efetivo Tipo de material Koha
    Classificação decimal de Dewey     Ficção Biblioteca Professor Eduardo Afonso de Castro Biblioteca Professor Eduardo Afonso de Castro Infanto Juvenil 20.05.2026 doação   028.5 / C344s 2026-17447 20.05.2026 20.05.2026 Livros

Powered by Koha